000 00300nam a22001337a 4500
008 181011b xxu||||| |||| 00| 0 eng d
020 _a9789290449843
041 _aeng
080 _a591
100 _a7
101 _aZOO
245 _aAtlas of porcine dermatology
_cGourreau,J.M
942 _2udc
_cBK
999 _c49384
_d49384